000 00564nam a2200193 4500
001 2011890
003 AM-YeHGA
005 20250617165038.0
008 250324s1898 ru ||||| |||| 00| 0 rus d
040 _aAM-YeHGA
041 _arus
100 1 _aВиноградов, Павел Гаврилович
245 1 0 _aО прогрессе /
_cП.Г. Виноградов.
260 _aМосква :
_bТип.-лит. т-ва И.Н. Кушнерев и К°,
_c1898.
300 _a62 с.
650 1 4 _aПрогресс
942 _2udc
_cBK
090 _c573195
999 _c533764
_d533764